00679 2200265 4500001002100000005001500021035002000036007000300056008004100059020001800100082001100118084001700129100002000146245007600166260003100242300003500273650002000308700001900328990001100347990001100358990001100369990001100380990001100391990001100402INLIS00000000000212120180725113758 a0010-0718000073ta180725 g 0 ind  a9786023756186 a153.93 a153.93 DUS m0 aDUSTIN, Wyrmand1 aMengupas Akar Permasalahan TPA /cDustin Wyrmand; editor, Trian Lesmana aJakarta :bGrasindo,c2016 av, 135 hlm. :bilus. ;c24 cm. aTES INTELEJENSI0 aTRIAN, Lesmana a16654a a16654b a16654a a16654b a16654b a16654a